Normal view
MARC view
- Stark, G. W. V.
Entry Personal Name
001 - CONTROL NUMBER
- control field: 602
003 - CONTROL NUMBER IDENTIFIER
- control field: DLC
005 - DATE AND TIME OF LATEST TRANSACTION
- control field: 20230817102411.0
008 - FIXED-LENGTH DATA ELEMENTS
- fixed length control field: 880315n| acannaab| |n aad |||
010 ## - LIBRARY OF CONGRESS CONTROL NUMBER
- LC control number: n 88619384
040 ## - CATALOGING SOURCE
- Original cataloging agency: DLC
- Transcribing agency: DLC
100 10 - HEADING--PERSONAL NAME
- Personal name: Stark, G. W. V.
670 ## - SOURCE DATA FOUND
- Source citation: nuc88-30216: Author's Toxic gases and smoke from ... 1975
- Information found: (hdg. on NN rept.: Stark, G. W. V.; usage: G.W.V. Stark)